| 000 | 00910nam a2200193Ii 4500 | ||
|---|---|---|---|
| 003 | JO-AjNU | ||
| 008 | 230605s9999||||xx |||||||||||||| ||und|| | ||
| 040 |
_aJO-AjNU _bara _erda _cJO-AjNU |
||
| 041 | _aara | ||
| 050 | 1 | 4 | _aLB1027.5 2003 |
| 100 | 3 |
_aدروزه،ندى معدة/عياصرة،أحمد معد/العجم،إيمان معده/المومني،محمد عكاشة معد/ششتاوي،هشام معد, _eauthor _943743 |
|
| 245 | 0 | 0 | _aدليل المرشدين والمرشدات التربويين في المدارس الأردنية حول حماية الأطفال من الإساءة(8-12) |
| 264 | 3 | 1 | _aعمان:وزارة التربية والتعليم،2003 |
| 300 |
_a109ص _bمصور |
||
| 336 |
_atext _btxt _2rdacontent |
||
| 337 |
_aunmediated _bn _2rdamedia |
||
| 338 |
_avolume _bnc _2rdacarrier |
||
| 650 | 4 |
_aسوء معاملة الأطفال-الأطفال والعنف _943744 |
|
| 999 |
_aA18827 _c22395 _d22395 |
||